000 01016cab a2200289 4500
001 WB3114-64
008 090401t1995 xxu||||| |||| 00| 0 eng d
035 _a(Sirsi) u46446
041 _aeng
245 _aSouth West objective
260 _c1995
350 _a0
490 _aMAFF News Release
_v(131/95) 3 April 1995 (2)
520 _aApplications for funding are being accepted for the European Agriculture Guarantee and Guidance Fund (EAGGF) component of the South West Objective 5b programme which aims to promote the development of rural areas through support.
650 _aEUROPEAN AGRICULTURE GUIDANCE AND GUARANTEE FUND
650 _aEUROPEAN AGRICULTURE GUIDANCE AND GUARANTEE FUND
650 _aEUROPEAN REGIONAL FUND
650 _aEUROPEAN SOCIAL FUND
650 _aOBJECTIVE 5B
650 _aRURAL AREAS
650 _aRURAL ECONOMY
650 _aSOUTH WEST OBJECTIVE 5B PROGRAMME
650 _aSTRUCTURAL FUNDS
690 _aRURAL PRACTICE
942 _n0
948 _c04/03/1997
999 _c29387
_d29387